01684nam a2200181Ia 450000500170000000800410001702000180005802000180007605000230009408200280011711100360014524500210018125000190020226000490022130000270027050511600029765000450145720231102152022.0120622s2017 mx 000 0 spa d a9786074067217 a9786074069129 4aKGF1059 bA33 2017 4a346.7207026bM611a 2017 aMéxico. Leyes, decretos, etc. aAgenda Mercantil a42a. edición aMéxicob : Ediciones Fiscales ISEFc, 2017 apaginación varíada aCódigo de Comercio Ley general de Sociedades Mercantiles Ley general de Títulos y Operaciones de Crédito Ley de Concursos Mercantiles Ley de Navegación y Comercio Marítimos Reglamento de la Ley de Navegación y Comercio Marítimos Ley de Puertos Ley Federal del Derecho de Autor Ley Federal de Correduría Púglica Reglamento de la Ley Federal de Correduría Pública Reglamento del Registro Público de Comercio Ley Federal de Competencia Económica Reglamento de la Ley Federal de Competencia Económica Ley de Cámaras Empresariales y sus Confederaciones Reglamento de la Ley de Cámaras Empresariales y sus Confederaciones Ley Federal de Protección al Consumidor. (Incluye Reglamento del Artículo 122 de la LFPC) Reglamento de la Ley Federal de Protección al Consumidor Ley de Inversión Extranjera Reglamento de la Ley de Inversión Extranjera y del Registro Nacional de Inversiones Extranjeras Ley de Protección al Comercio y la Inversión de Normas Extranjeras que Contravengan el Derecho Internacional Ley General de Sociedades Cooperativas Reglamento Interior de la Secretaría de Economía Otras Disposiciones  aDERECHO COMERCIALxLEGISLACIÓNzMEXICO